MARC

LEADER 00000nam0a2200000 4500
001 136417
005 20231031140513.0
010 |a 5265002030 
020 |a RU  |b 88-74879 
035 |a (RuTPU)RU\TPU\book\147850 
090 |a 136417 
100 |a 20080423d1988 m y0rusy5003 ca 
101 0 |a rus 
102 |a RU 
105 |a y z 000ay 
200 1 |a От Арденн до Берлина  |e Роман-хроника  |f О. А. Горчаков 
210 |a Москва  |c Советский писатель  |d 1988 
215 |a 431,[1] с.  |d 21 см  |c портр. 
610 1 |a Вторая мировая война 1939-1945 гг. 
610 1 |a советская литература 
610 1 |a романы 
675 |a Р2  |z rus 
700 1 |a Горчаков  |b О. А.  |g Овидий Александрович  |4 070 
801 0 |a RU  |b RuMRKP  |c 19950417  |g psbo 
801 1 |a RU  |b 63413507  |c 20080423  |g PSBO 
801 2 |a RU  |b 63413507  |c 20140214  |g PSBO 
942 |c BK